00857cam a2200157 a 4500020001500000040000800015082002600023245017000049260007800219300002500297500013300322520015700455650002100612650002100633710004500654 a9746311433 cDLC00a330 SOC 1994 A021 Or.00aEntrepreneurship and socio-economic transformation in Thailand and Southeast Asia :bproceedings of the seminar of Bangkok, February 1993, Chulalongkorn University / aBangkok :bSocial Research Institute of Chulalongkorn University,cc1994. avi, 338 p. ;c27 cm. a"Chulalongkorn University, Social Research Institute ; French Institute for Scientific Research for Development in Cooperation". aProceedings of the International Seminar on "Entrepreneurship and Socio-Economic Transformation in Thailand and South East Asia", held in February 1993. 0aEntrepreneurship 0aEntrepreneurship0 aČhulālongkō̜nmahāwitthayālai.